| 000 | 00571nam a22001457a 4500 | ||
|---|---|---|---|
| 005 | 20250207081912.0 | ||
| 008 | 241106b |||||||| |||| 00| 0 eng d | ||
| 100 |
_aGulley, Jason. _eauthor. _963662 |
||
| 245 |
_aIchetucknee springs state park,Florida : _bmanatees in danger / _cJason Gulley. |
||
| 260 |
_aWashington ; _bNational Geographic Partners, LLC., _cDecember 2022. |
||
| 300 |
_avolume 241, pages 44-45, _billustration. |
||
| 500 | _aNational Geographic, v. 242, n. 12, pages 44-45, September 2022. | ||
| 700 |
_aGulley, Jason. _eauthor. _963661 |
||
| 942 |
_2ddc _cPER |
||
| 999 |
_c23025 _d23025 |
||